| 000 | 00646nam a2200229 a 4500 | ||
|---|---|---|---|
| 008 | |||
| 020 | _a9780340889442 (pbk.) | ||
| 049 | _aMAIN | ||
| 090 |
_aR845 _bPAT |
||
| 100 | 1 | _aPatel, Kinesh. | |
| 245 | 1 | 0 |
_aComplete self assessment for medical finals / _cKinesh, Patel and Neil, Patel. |
| 260 |
_aLondon _bHodder Arnold, _c2007. |
||
| 300 |
_axi, 340p. : _bill. ; _c25 cm. |
||
| 500 | _aIncludes index. | ||
| 650 | 1 | _aOrthopaedic. | |
| 700 | _aPatel, Neil. | ||
| 907 |
_a.b10292172 _b27-08-12 _c24-02-11 |
||
| 003 | |||
| 005 | 20230120204058.0 | ||
| 040 | _cNUST | ||
| 942 |
_cBOOKS _kR845 _mPAT |
||
| 999 |
_c116736 _d116736 |
||